|
|
|
|
| LEADER |
00000cam a2200000 7i4500 |
| 001 |
0000002934 |
| 002 |
000003176 |
| 005 |
20071201.0 |
| 020 |
|
|
|a 0335157203
|
| 090 |
0 |
0 |
|a 378.12019
|b FIS
|
| 100 |
1 |
|
|a Fisher, Shirley
|
| 245 |
1 |
0 |
|a Stress in academic life :
|b the mental Assembly Line
|c Shirley Fisher
|
| 260 |
|
|
|a Buckingham :
|b Open Uni.Press ,
|c 1994
|
| 300 |
|
|
|a 106p. ;
|c 23cm.
|
| 490 |
0 |
|
|a The society for research into higher education
|
| 650 |
0 |
0 |
|a College student
|x Mental health
|
| 650 |
0 |
0 |
|a College teachers
|x Job Stress
|
| 650 |
0 |
0 |
|a Stress (Psychology)
|
| 999 |
|
|
|a 036553
|b BUKU
|c PINJAMAN
|e PERPUSTAKAAN KOMUNITI PETALING JAYA
|